Правители Венгрии - Statistics

General Stats
  • This quiz has been taken 54 times
  • The average score is 5 of 24
Answer Stats
% Correct
Венгрия (2012-) (де факто) 2010- Виктор Орбан
78%
Королевство Венгрия (1920-1946) 1920-1944 Миклош Хорти
76%
Венгерская Советская Республика (1919) 1919 Бела Кун
40%
Венгерская Народная Республика (1949-1989) 1956-1988 Янош Кадар
22%
Венгрия (2012-) 2012-2022 Янош Адер
22%
Венгерская Республика (1919-1920) август 1919- ноябрь 1919 Иштван Фридрих
20%
Королевство Венгрия (немецкая оккупация; 1944-1945) 1944-1945 Ференц Салаши
20%
Венгерская Народная Республика (1949-1989) 1949-1956 Матьяш Ракоши
20%
Венгрия(2012-) 2022- Каталин Новак
18%
Венгерская Народная Республика (1918-1919) 1918-1919 Михай Каройи
16%
Венгерская Республика (1919-1920) август 1919 Иосиф Август
16%
Венгерская Народная Республика (1918-1919) август 1919 Дьюла Пейдль
11%
Венгерская Республика (1919-1920) ноябрь 1919-1920 Карой Хусар
11%
Венгерская Республика (1946-1949) 1946-1948 Золтан Тилди
11%
Венгерская Республика (1946-1949) 1948-1949 Арпад Сакашиц
11%
Венгерская Народная Республика (1949-1989) 1988-1989 Карой Грос
11%
Венгерская Республика (1989-2012) 2000-2005 Ференц Мадл
11%
Венгерская Республика (1989-2012) 2010-2012 Пал Шмитт
11%
Венгерская Республика (1989-2012) 1990 Кери Калман
9%
Венгерская Республика (1989-2012) 2005-2010 Ласло Шойом
9%
Венгерская Республика (1989-2012) 1990-2000 Арпад Гëнц
9%
Венгерская Народная Республика (1949-1989) 1956 Эрнë Герë
4%
Венгрия (2012-) 2012 Ласло Кëвер
2%
Венгерская Республика (1989-2012) 1989-1990 Матьяш Сюрëш
0%
No matching quizzes found
Score Distribution
Percent of People with Each Score
Percentile by Number Answered
Your Score History
You have not taken this quiz